Dragon Ball Characters by Attacks - Statistics

General Stats
  • This quiz has been taken 171 times
  • The average score is 16 of 20
Answer Stats
Attack User % Correct
Big Bang Attack Vegeta
98%
Kai-oh ken Goku
94%
Special Beam Cannon Piccolo
94%
Kamehameha Roshi
91%
Gallick gun Vegeta
91%
Masenko Gohan
89%
Spirit bomb/genki dama Goku
89%
Destructo disc Krillin
88%
Super-ghost-kamikaze attack Gotenks
87%
Destruction/hakai Beerus
84%
Wolf fang fist Yamcha
84%
Final flash Vegeta
79%
You turn into a cookie Majin Buu
78%
Evil containment wave/mafuuba Roshi
75%
Time-skip/pocket dimension Hit
71%
Change now! Ginyu
67%
Stardust breaker Gogeta
60%
Time stop Guldo
58%
Double sundae Raditz
58%
Spirit ball Yamcha
57%
No matching quizzes found
Score Distribution
Percent of People with Each Score
Percentile by Number Answered
Your Score History
You have not taken this quiz